Shikshyama manab samsadhan byabsthapan (Record no. 89819)
[ view plain ]
| 000 -LEADER | |
|---|---|
| fixed length control field | 00450nam a22001577a 4500 |
| 008 - FIXED-LENGTH DATA ELEMENTS--GENERAL INFORMATION | |
| fixed length control field | 200106b xxu||||| |||| 00| 0 eng d |
| 020 ## - INTERNATIONAL STANDARD BOOK NUMBER | |
| International Standard Book Number | 978-99946-1-520-9 |
| 082 ## - DEWEY DECIMAL CLASSIFICATION NUMBER | |
| Classification number | N658.3/Sh523s |
| 100 ## - MAIN ENTRY--PERSONAL NAME | |
| Personal name | Thapa,Bijaya Kumar |
| 245 ## - TITLE STATEMENT | |
| Title | Shikshyama manab samsadhan byabsthapan |
| 260 ## - PUBLICATION, DISTRIBUTION, ETC. | |
| Place of publication, distribution, etc. | Kathmandu, |
| Name of publisher, distributor, etc. | Ratna Pustak Bhandar, |
| Date of publication, distribution, etc. | 2068. |
| 300 ## - PHYSICAL DESCRIPTION | |
| Other physical details | 514p.;illus. |
| 504 ## - BIBLIOGRAPHY, ETC. NOTE | |
| Bibliography, etc. note | Bibliography:p.506 |
| 650 ## - SUBJECT ADDED ENTRY--TOPICAL TERM | |
| Topical term or geographic name entry element | Human resource management |
| 942 ## - ADDED ENTRY ELEMENTS (KOHA) | |
| Source of classification or shelving scheme | Dewey Decimal Classification |
| Koha item type | General Collections |
| Withdrawn status | Lost status | Source of classification or shelving scheme | Damaged status | Not for loan | Home library | Current library | Date acquired | Total Checkouts | Full call number | Barcode | Date last seen | Date last checked out | Price effective from | Koha item type | Shelving location |
|---|---|---|---|---|---|---|---|---|---|---|---|---|---|---|---|
| Dewey Decimal Classification | Tribhuvan University Central Library | Tribhuvan University Central Library | 01/06/2020 | 1 | N658.3/Sh523s | 161852 | 09/22/2024 | 09/01/2024 | 01/06/2020 | General Collections | |||||
| Dewey Decimal Classification | Tribhuvan University Central Library | Tribhuvan University Central Library | 01/06/2020 | 3 | N658.3/Sh523s | 161853 | 03/03/2025 | 02/24/2025 | 01/06/2020 | General Collections | New Building | ||||
| Dewey Decimal Classification | Tribhuvan University Central Library | Tribhuvan University Central Library | 09/11/2024 | 1 | N658.3/Sh523s | 142204 | 10/02/2024 | 09/11/2024 | 09/11/2024 | General Collections | New Building | ||||
| Dewey Decimal Classification | Tribhuvan University Central Library | Tribhuvan University Central Library | 08/01/2025 | N658.3/Sh523s | 142205 | 08/01/2025 | 08/01/2025 | General Collections | New Building |
